00622nam a2200181Ia 4500952015500000999001700155003000400172005001700176008004100193040000900234082001700243100002200260245004600282260004400328300000900372650001900381942004000400 00102ddc40708GEOGRAPHY & TRAVELaMESbMEScTRAd2019-02-20g130.00l2o915.4 SIN/Rp25251r2024-06-25 12:29:17s2024-06-25w2019-02-20yBKzGL35R4 c20647d20647OSt20211115120248.0190216s9999||||xx |||||||||||||| ||und|| coclc a915.4bSIN/R aSingh, U B 98904 0aRegional Geography Of India /cU B Singh  bKeder Nath Ram Nath,c1985.aNew Delhi: a668p aIndian History cBK2ddch915.4iSIN/Rk915.4mSIN/R